000
00304nam a2200121Ia 4500
008
190216s9999||||xx |||||||||||||| ||und||
100
_a
Singh. S.P & Agarwal. J.P
245
0
_a
Optics And Atomic Physics
260
_b
Pragathi Prakashan
_c
1970
300
_a
763 p
650
_a
Physics
942
_c
BK
999
_c
33457
_d
33457